| 000 | 00660nam a2200205Ia 4500 | ||
|---|---|---|---|
| 003 | GCL | ||
| 008 | 140319s9999 xx 000 0 ara d | ||
| 040 |
_aGCL / _cGCL |
||
| 082 | 0 | 4 |
_a956.904 _bك ا |
| 100 | 1 | _aاحمد عمر شاهين | |
| 245 | 1 | 0 |
_aاطفال الحصار / _cاحمد عمر شاهين |
| 700 | 1 | _aكتنج, بولين | |
| 300 | _a236 ص | ||
| 490 | _a | ||
| 650 | 0 | 4 | _aاللاجئون الفلسطينيون |
| 650 | 0 | 4 | _aالمخيمات - الاحوال الاجتماعية |
| 650 | 0 | 4 | _aلبنان - اللاجئون الفلسطنيون |
| 650 | 0 | 4 | _aفلسطين - تاريخ - العصر الحديث |
| 942 |
_2ddc _cBK |
||
| 999 |
_c47637 _d47637 |
||